000 00434nam a22001697a 4500
005 20180319165055.0
008 160429b xxu||||| |||| 00| 0 eng d
020 _a81-297-0234-7
041 _aeng
082 _b00971
_a337
100 _aKrugman and Obstfeld
_94209
245 _aInternational Economics Theory & Policy
260 _aNew Delhi
_bPearson Education,
_c2004
300 _a753
650 _aManagement
_9241
942 _cBK
999 _c333
_d333